La catedral de Pamplona / (Record no. 13136)

MARC details
000 -LEADER
campo de control de longitud fija 00930nam a22003011i 4500
001 - NÚMERO DE CONTROL
campo de control 13136
003 - IDENTIFICADOR DE NÚMERO DE CONTROL
campo de control ES-MaACL
005 - FECHA Y HORA DE LA ÚLTIMA TRANSACCIÓN
campo de control 20250912063033.0
007 - CAMPO FIJO DE DESCRIPCIÓN FÍSICA--INFORMACIÓN GENERAL
campo de control de longitud fija t|
008 - DATOS DE LONGITUD FIJA--INFORMACIÓN GENERAL
campo de control de longitud fija 900725s1977 sp r ||||0| spa j
016 7# - NÚMERO DE CONTROL DE UNA AGENCIA BIBLIOGRÁFICA NACIONAL
Número de control cancelado/no válido IND9100108752
020 ## - NÚMERO INTERNACIONAL ESTÁNDAR DEL LIBRO
Número Internacional Estándar del Libro 84-241-4790-1
040 ## - FUENTE DE CATALOGACIÓN
Centro catalogador/agencia de origen M-BN
Lengua de catalogación spa
Centro/agencia transcriptor A2
080 ## - NÚMERO DE LA CLASIFICACIÓN DECIMAL UNIVERSAL
Número de la Clasificación Decimal Universal 726.6(465.11 P.)
100 1# - ENTRADA PRINCIPAL--NOMBRE DE PERSONA
Nombre de persona Burgo, María Antonia del.
9 (RLIN) 32644
245 13 - MENCIÓN DEL TÍTULO
Título La catedral de Pamplona /
Mención de responsabilidad, etc. [por] María Antonia del Burgo ; fotografías Ignacio y Javier Larequi.
260 ## - PUBLICACIÓN, DISTRIBUCIÓN, ETC.
Lugar de publicación, distribución, etc. Madrid [etc.] :
Nombre del editor, distribuidor, etc. Everest,
Fecha de publicación, distribución, etc. D.L. 1977.
300 ## - DESCRIPCIÓN FÍSICA
Extensión 95 p :
Otras características físicas il. col ;
Dimensiones 25 cm.
490 1# - MENCIÓN DE SERIE
Mención de serie Colección ibérica (Editorial Everest)
RLIN 175605
500 ## - NOTA GENERAL
Nota general Indice.
504 ## - NOTA DE BIBLIOGRAFÍA, ETC.
Nota de bibliografía, etc. Bibliografía.
610 27 - PUNTO DE ACCESO ADICIONAL DE MATERIA--NOMBRE DE ENTIDAD CORPORATIVA
Nombre de entidad corporativa o nombre de jurisdicción como elemento de entrada Catedral de Pamplona.
9 (RLIN) 2521
700 1# - ENTRADA AGREGADA--NOMBRE PERSONAL
Nombre de persona Larequi, Ignacio.
9 (RLIN) 70242
700 1# - ENTRADA AGREGADA--NOMBRE PERSONAL
Nombre de persona Larequi, Javier.
9 (RLIN) 70243
852 ## - LOCALIZACIÓN
Ubicación ES-MaACL
Número de control de estantería L-20473
Sublocalización o colección R.125188
942 ## - ELEMENTOS DE ENTRADA SECUNDARIOS (KOHA)
Fuente del sistema de clasificación o colocación Clasificación decimal universal
Holdings
Estatus retirado Estado de pérdida Estado de daño No para préstamo Biblioteca de origen Biblioteca actual Ubicación en estantería Fecha de adquisición Fuente de adquisición Total de préstamos Signatura topográfica completa Código de barras Visto por última vez Precio de reemplazo Tipo de ítem Koha
        Biblioteca del Ateneo de Madrid Biblioteca del Ateneo de Madrid Depósito 2 17/01/2008     L-20473 1013376 23/02/2023 23/02/2023 Libro impreso